| 000 | 00890cam a2200253 4500 | ||
|---|---|---|---|
| 001 | 15451 | ||
| 005 | 20230410105315.0 | ||
| 008 | 060907n2002 fr fre | ||
| 020 | _a2844722318 | ||
| 035 | _9funglode15579 | ||
| 041 | _afre | ||
| 050 | 1 | 4 |
_aH 61 _bL551q 2002 |
| 082 | 0 | 0 | _a001.076 |
| 100 | 1 |
_aLemercier, Fabien, _1966- |
|
| 245 | 1 |
_aQue Valez-vous en culture generale? / _cFabien Lemercier |
|
| 260 |
_aLevallois-Perret : _bStudyrama, _c2002. |
||
| 300 |
_a264 p. ; _c20 cm. |
||
| 440 |
_a500questions pour vous tester dans tous tous les domaines du savoir ; _v1018 |
||
| 500 | _aDesde la cubierta. en la puerta además "500 preguntas para que te ponen a prueba en todas las áreas del conocimiento", "respuestas detalladas para profundizar en su conocimiento ..." | ||
| 650 | 4 | _a20151200. | |
| 650 | 4 | _aCultura general. | |
| 650 | 4 | _aCultura. | |
| 942 |
_2lcc _cbk |
||
| 999 |
_c34082 _d34082 |
||